[Event "Wesel Undeloh op"]
[Site "Wesel Undeloh"]
[Date "2005.04.16"]
[Round "6"]
[White "Bobanac, Ivan"]
[Black "Rochol, Detlev"]
[Result "0-1"]
[WhiteElo "1693"]
[BlackElo "1765"]
[PlyCount "58"]
[EventDate "2005.04.14"]
[EventType "swiss"]
[EventRounds "7"]
[EventCountry "GER"]
[SourceTitle "EXT 2007"]
[Source "ChessBase"]
[SourceDate "2006.11.23"]
[SourceVersion "1"]
[SourceVersionDate "2006.11.23"]
[SourceQuality "1"]

1. e4 c5 2. Nf3 e6 3. Nc3 a6 4. a3 d6 5. Bc4 b5 6. Ba2 Bb7 7. 0-0 Nd7 8. d3 Ngf6 9. h3 Be7 10. Nh2 0-0 11. Ng4 Qc7 12. f4 Rad8 13. Qe2 h6 14. f5 e5 15. Qf3 Nxg4 16. Qxg4 Nf6 17. Qg3 Kh7 18. Qf3 c4 19. g4 d5 20. Re1 dxe4 21. Nxe4 Nxe4 22. dxe4 Qc6 23. Be3 Bc5 24. Bxc5 Qxc5+ 25. Kh2 Rd2+ 26. Re2 Rxe2+ 27. Qxe2 Rd8 28. c3 Bxe4 29. Qxe4 Rd2+ 0-1

[Event "Wesel Undeloh op"]
[Site "Wesel Undeloh"]
[Date "2005.??.??"]
[Round "2"]
[White "Koelking, Helmut"]
[Black "Rochol, Detlev"]
[Result "0-1"]
[WhiteElo "1442"]
[BlackElo "1765"]
[PlyCount "56"]
[EventDate "2005.04.14"]
[EventType "swiss"]
[EventRounds "7"]
[EventCountry "GER"]
[SourceTitle "EXT 2007"]
[Source "ChessBase"]
[SourceDate "2006.11.23"]
[SourceVersion "1"]
[SourceVersionDate "2006.11.23"]
[SourceQuality "1"]

1. d4 e6 2. c4 c5 3. Nf3 cxd4 4. Nxd4 d6 5. b3 Be7 6. Nc3 b6 7. Bb2 Bb7 8. e3 Nf6 9. Qc2 Nbd7 10. Rd1 0-0 11. Bd3 Bxg2 12. Rg1 Bb7 13. Ke2 Ne5 14. Ne4 Nxd3 15. Nxf6+ Bxf6 16. Qxd3 d5 17. Rg4 dxc4 18. bxc4 g6 19. h4 e5 20. Rdg1 exd4 21. exd4 Qe7+ 22. Kf1 Rfe8 23. h5 Be4 24. Qe3 Bf5 25. Qxe7 Rxe7 26. Bc3 Bxg4 27. Rxg4 Rc7 28. hxg6 hxg6 0-1